=LDR 00000nam 2200000 4500 =001 INLIS000000001053400 =005 20250218022112 =035 ##$$a 0010-0225000095 =007 ta =008 250218################g##########0#ind## =020 ##$$a 979-637-354-8 =082 ##$$a 741.5 =084 ##$$a 741.5 TAT k =100 #$$a Tatsuya Hiruta =245 1#$$a Kotaro : $b buku 2 /$c Tatsuya Hiruta =260 ##$$a Jakarta :$b Elex Kedia Komputindo,$c 1995 =300 ##$$a 180 : $b ilustrasi ; $c 4,5 x 7 cm =600 #4$$a komik, bacaan =990 ##$$a 01660166